Prostná cvičení žákyň /

Hlavní autor: Součková, Vlasta
Další autoři: Klein, Jiří
Jazyk: Čeština
Vydáno: V Praze : Nakladatelství Československé obce sokolské, 1946
Edice: Sokolská cvičení při hudbě
Témata:
Fyzický popis: 16 s. ; 12°
Knihy
Uloženo v:
LEADER 01143nam a22003252a 4500
001 001587184
003 CZ BrMZK
005 20170726094703.0
007 ta
008 050902s1946 xr er|||||||||||cze d
015 |a cnb000395972 
035 |a (OCoLC)85171523 
040 |a ABA001  |b cze  |c OLA001  |d ABA001 
080 |a 796.411  |2 MRF 
080 |a 373.3.011.3-052  |2 MRF 
080 |a (041)  |2 MRF 
100 1 |a Součková, Vlasta  |4 aut 
245 1 0 |a Prostná cvičení žákyň /  |c sestavila Vlasta Součková ; hudba od Jiřího Kleina 
260 |a V Praze :  |b Nakladatelství Československé obce sokolské,  |c 1946 
300 |a 16 s. ;  |c 12° 
490 1 |a Sokolská cvičení při hudbě ;  |v sv. 4 
650 0 7 |a prostná cvičení  |7 ph172920  |x žáci  |2 czenas 
650 0 7 |a sokolské slety  |7 ph125830  |x cvičení  |z Československo  |2 czenas 
655 7 |a brožury  |7 fd131925  |2 czenas 
700 1 |a Klein, Jiří  |7 jo2013776114  |4 cmp 
830 0 |a Sokolská cvičení při hudbě 
910 |a BOA001  |b S-0190.923,4 
990 |a BK 
991 |b 201707 
996 6 |b 2619161658  |c S-0190.923,4  |l MZK  |r Sklad / do 24 hodin  |n 0  |w 001622602  |u 000010  |a 1  |e BOA001  |j MZK50  |s P